000 00184nam a2200085 4500
001 1255378
005 20251209143054.0
245 _aHZ. EBUBEKİR
_cMİTHAT BALA
260 _bHAYAT YAYINLARI
999 _c1255378
_d1255378